000 00275nam a2200133Ia 4500
008 190216s9999||||xx |||||||||||||| ||und||
100 _aChopra. Gl
245 0 _aAngiosperms
250 _a10rd Ed.
260 _bNull
_c1971
300 _a686
650 _aBotany
942 _cBK
999 _c1382
_d1382